| 000 | 00639cab a2200229 4500 | ||
|---|---|---|---|
| 001 | WB3314-73 | ||
| 008 | 090401t1997 xxu||||| |||| 00| 0 eng d | ||
| 035 | _a(Sirsi) u77558 | ||
| 041 | _aeng | ||
| 245 | _aLand Registry reduces fees | ||
| 260 | _c1997 | ||
| 350 | _a0 | ||
| 490 |
_aHM Land Registry Press Notice _v(4/97) 1 April 1997, (3) |
||
| 520 | _aThe Land Registry has reduced some of its statutory fees with effect from 1 April. | ||
| 650 | _aCONVEYANCING | ||
| 650 | _aFEES | ||
| 650 | _aHM LAND REGISTRY | ||
| 650 | _aPROPERTY SEARCHES | ||
| 690 | _aPROPERTY LAW AND PRACTICE | ||
| 942 | _n0 | ||
| 948 | _c03/04/1997 | ||
| 999 |
_c48756 _d48756 |
||